00353nam a2200121Ia 4500008004100000245009000041260001700131260000900148300000900157650002300166650001200189856003000201170516s9999 xx 000 0 und d aPSMA Ligands for Radionuclide Imaging and Therapy of Prostate Cancer: Clinical Status bTheranostics c2015 a5:12 xMedical Technology xMedtech uhttp://www.thno.org/v5i12